Synthetic musk fragrances in Lake Michigan /

Gorde:
Xehetasun bibliografikoak
Egile nagusia: Peck, Aaron M.
Beste egile batzuk: Hornbuckle, Keri C.
Formatua: Artikulua
Hizkuntza:English
Gaiak:
Etiketak: Etiketa erantsi
Etiketarik gabe, Izan zaitez lehena erregistro honi etiketa jartzen!
Thư viện lưu trữ: Thư viện Trường Đại học Đà Lạt
LEADER 00944nam a2200325 4500
001 DLU090094331
005 ##20091201
040 # # |a DLU  |b eng 
041 # # |a eng 
044 # # |a us 
100 # # |a Peck, Aaron M. 
245 # # |a Synthetic musk fragrances in Lake Michigan /  |c Aaron M. Peck, Keri C. Hornbuckle. 
653 # # |a Lake discharge 
653 # # |a Lake Michigan 
653 # # |a Organic compounds 
653 # # |a Pollutant behavior 
653 # # |a Urban waste water 
653 # # |a Volatilization 
653 # # |a Water pollution 
700 # # |a Hornbuckle, Keri C. 
773 # # |t Environmental Science & Technology  |g Vol. 38, no. 2 (January 2004), p. 367-372 
920 # # |a Phòng Tạp chí -- Trung tâm Thông tin - Thư viện Trường Đại học Đà Lạt 
994 # # |a DLU 
900 # # |a True 
911 # # |a Trương Bảo Trâm Anh 
925 # # |a G 
926 # # |a A 
927 # # |a BB 
980 # # |a Thư viện Trường Đại học Đà Lạt